El cristianismo : esencia e historia /

Bibliographic Details
Main Author: Küng, Hans, 1928-2021 (Author)
Other Authors: Martínez de Lapera, Víctor Abelardo (Translator)
Format: Electronic eBook
Language:Spanish
German
Published: [Madrid] : Editorial Trotta, [2023]
Edition:Séptima edición.
Series:Colección Estructuras y procesos. Serie Religión.
Subjects:
Online Access:Digitalia Hispánica

MARC

LEADER 00000nam a2200000 i 4500
001 DIGTRO0266
003 NyNyDIG
007 cr |||||||||||
008 240123t20231994sp ab ob 001 0 spa d
006 m o d
035 |a (OCoLC)1407313567 
040 |a DGITA  |b eng  |e rda  |e pn  |c DGITA 
020 |a 9788413641584  |q (edición digital e-pub) 
020 |z 9788481641707 
041 1 |a spa  |h ger 
050 1 4 |a BR121.2 ebook 
100 1 |a Küng, Hans,  |d 1928-2021,  |e author. 
240 1 0 |a Christentum.  |l Spanish  |s (Martínez de Lapera) 
245 1 3 |a El cristianismo :  |b esencia e historia /  |c Hans Küng ; traducción de Víctor Abelardo Martínez de Lapera. 
250 |a Séptima edición. 
264 1 |a [Madrid] :  |b Editorial Trotta,  |c [2023] 
264 4 |c ©1994 
300 |a 1 online resource :  |b illustrations, maps. 
336 |a text  |b txt  |2 rdacontent 
337 |a computer  |b c  |2 rdamedia 
338 |a online resource  |b cr  |2 rdacarrier 
347 |a text file  |2 rdaft 
347 |b EPUB 
490 1 |a Colección Estructuras y procesos. Serie Religión 
504 |a Includes bibliographical references and indexes. 
588 0 |a Online resource; title from ePub title page (Digitalia, viewed January 23, 2024) 
650 0 |a Christianity. 
650 0 |a Christianity  |x Essence, genius, nature. 
650 0 |a Church history. 
700 1 |a Martínez de Lapera, Víctor Abelardo,  |e translator. 
700 1 |i Translation of:  |a Küng, Hans,  |d 1928-2021.  |t Christentum. 
791 2 |a Digitalia (Firm),  |e distributor. 
793 0 |g Digitalia eBook Collection:  |a Trotta Editorial 
776 0 8 |i Print version:  |a Küng, Hans, 1928-2021.  |s Christentum. Spanish (Martínez de Lapera).  |t Cristianismo.  |d Madrid : Editorial Trotta, [1997]  |z 9788481641707 
830 0 |a Colección Estructuras y procesos.  |p Serie Religión. 
856 4 0 |3 Digitalia Hispánica  |u https://www.digitaliapublishing.com/a/131980/ 
910 |a Premium collection: 2024